[Event "Titled Tuesday intern op 16th Apr Early"]
[Site "Chess.com INT"]
[Date "2024.04.16"]
[Round "8"]
[White "Bachmann, Axel"]
[Black "Yeletsky, Ivan"]
[Result "0-1"]
[WhiteElo "2578"]
[BlackElo "2504"]
[PlyCount "46"]
[EventDate "2024.04.16"]
[EventType "swiss (blitz)"]
[EventRounds "11"]
[EventCountry "USA"]
[SourceTitle "CB17_2024"]
[SourceDate "2024.04.24"]
[SourceVersion "1"]
[SourceVersionDate "2024.04.24"]
[SourceQuality "1"]

1. Nf3 d5 2. e3 Nf6 3. c4 e6 4. b3 b6 5. Bb2 Bd6 6. Nc3 0-0 7. cxd5 exd5 8. Rc1 a6 9. d4 Nbd7 10. g3 a5 11. Bg2 Ba6 12. Ne2 Bb4+ 13. Bc3 Ne4 14. Bxb4 axb4 15. 0-0 Bxe2 16. Qxe2 Nc3 17. Rxc3 bxc3 18. Rc1 c5 19. Rxc3 Qe7 20. h4 Nf6 21. Qb5 Rxa2 22. Ne5 Qe6 23. Qc6 Qf5 0-1

[Event "Titled Tuesday intern op 02nd Apr Early"]
[Site "Chess.com INT"]
[Date "2024.04.02"]
[Round "6"]
[White "Shymanskyi, Oleksandr"]
[Black "Bachmann, Axel"]
[Result "1-0"]
[WhiteElo "2284"]
[BlackElo "2578"]
[PlyCount "143"]
[EventDate "2024.04.02"]
[EventType "swiss (blitz)"]
[EventRounds "11"]
[EventCountry "USA"]
[SourceTitle "CB15_2024"]
[SourceDate "2024.04.10"]
[SourceVersion "1"]
[SourceVersionDate "2024.04.10"]
[SourceQuality "1"]

1. e4 c6 2. Nc3 d5 3. Nf3 Bg4 4. h3 Bxf3 5. Qxf3 e6 6. g3 g6 7. Bg2 Bg7 8. 0-0 Nd7 9. d3 Ne7 10. Qe2 0-0 11. Kh2 a5 12. f4 a4 13. a3 Qb6 14. Nd1 Qa6 15. e5 Rae8 16. Re1 Nf5 17. c3 f6 18. d4 Qxe2 19. Rxe2 c5 20. Be3 cxd4 21. cxd4 fxe5 22. dxe5 g5 23. fxg5 Bxe5 24. Bf2 Bd6 25. Nc3 Nc5 26. Nb5 Be7 27. Nc7 Rc8 28. Nxe6 Nxe6 29. Rxe6 Rc2 30. Kg1 Rxb2 31. Bxd5 Kh8 32. Rae1 Rxf2 33. Kxf2 Nd4+ 34. Kg2 Nxe6 35. Rxe6 Bxa3 36. Bxb7 Bb2 37. Ra6 a3 38. h4 Rd8 39. Ra7 Rd7 40. Ra8+ Kg7 41. Be4 Rc7 42. Bd5 Kg6 43. Kf3 Rc3+ 44. Kg4 h5+ 45. gxh6 Kxh6 46. Ra6+ Kg7 47. h5 Rc5 48. h6+ Kf8 49. Be4 Ke7 50. h7 Rc4 51. Kf3 Kd7 52. Ra7+ Kd6 53. Ra8 Kc5 54. Bb1 Rc1 55. Ba2 Rc3+ 56. Kg2 Rc2+ 57. Kh3 Kb4 58. Bg8 Bg7 59. Kg4 Rc6 60. Kf5 Rc5+ 61. Kg6 Rc7 62. g4 Bc3 63. g5 Rg7+ 64. Kh6 Rc7 65. Be6 Bg7+ 66. Kg6 Bb2 67. h8Q Bxh8 68. Rxh8 Rc6 69. Kf5 Rc5+ 70. Kf6 Ra5 71. Rh1 Kc3 72. g6 1-0

[Event "Titled Tuesday intern op 12th Mar Early"]
[Site "Chess.com INT"]
[Date "2024.03.12"]
[Round "4"]
[White "Bachmann, Axel"]
[Black "Akhmedinov, Satbek"]
[Result "1-0"]
[WhiteElo "2578"]
[BlackElo "2314"]
[PlyCount "90"]
[EventDate "2024.03.12"]
[EventType "swiss (blitz)"]
[EventRounds "11"]
[EventCountry "USA"]
[SourceTitle "CB12_2024"]
[SourceDate "2023.10.01"]
[SourceVersion "1"]
[SourceVersionDate "2023.10.01"]
[SourceQuality "1"]

1. c4 Nf6 2. Nc3 c5 3. Nf3 Nc6 4. e3 g6 5. d4 cxd4 6. exd4 d5 7. cxd5 Nxd5 8. Qb3 Nxc3 9. Bc4 e6 10. bxc3 Na5 11. Bb5+ Bd7 12. Qa4 Nc6 13. d5 exd5 14. 0-0 Be7 15. Bh6 f6 16. Rfe1 Kf7 17. Qf4 Re8 18. Rad1 a6 19. Bc4 Kg8 20. Bxd5+ Kh8 21. Bxc6 bxc6 22. Ne5 fxe5 23. Qf7 Rg8 24. Rxe5 Be6 25. Bg7+ Rxg7 26. Rxd8+ Rxd8 27. Qxe6 Bf6 28. Re2 Bxc3 29. g3 c5 30. Qxa6 Bd4 31. Qb5 Rf7 32. Kg2 Kg7 33. a4 Ra8 34. a5 Raa7 35. a6 Rfc7 36. f4 Rf7 37. Qc4 Rfc7 38. Re8 Rf7 39. h4 Bf6 40. Re6 Bd4 41. Kh3 Rf6 42. Rxf6 Kxf6 43. Qb5 Be3 44. Qb6+ Kf5 45. Qxa7 Ke4 1-0

[Event "Titled Tuesday intern op 12th Mar Early"]
[Site "Chess.com INT"]
[Date "2024.03.12"]
[Round "2"]
[White "Bachmann, Axel"]
[Black "Herman, Daniel"]
[Result "1-0"]
[WhiteElo "2578"]
[BlackElo "1956"]
[PlyCount "81"]
[EventDate "2024.03.12"]
[EventType "swiss (blitz)"]
[EventRounds "11"]
[EventCountry "USA"]
[SourceTitle "CB12_2024"]
[SourceDate "2023.10.01"]
[SourceVersion "1"]
[SourceVersionDate "2023.10.01"]
[SourceQuality "1"]

1. e4 g6 2. d4 Bg7 3. Nf3 d6 4. Bc4 Nf6 5. Qe2 0-0 6. e5 dxe5 7. dxe5 Nd5 8. 0-0 c6 9. Rd1 Bg4 10. Nbd2 Nd7 11. h3 Bxf3 12. Nxf3 e6 13. c3 Qc7 14. Re1 b5 15. Bd3 a5 16. h4 Nc5 17. Bc2 a4 18. Bd2 Nb6 19. Rad1 Nc4 20. Bc1 Rfd8 21. Rxd8+ Rxd8 22. h5 Rd5 23. h6 Bh8 24. b3 axb3 25. axb3 Nxe5 26. Nd4 b4 27. cxb4 Rxd4 28. bxc5 Rd5 29. b4 Nd7 30. Be4 Rh5 31. g3 Bd4 32. Kg2 e5 33. g4 Rh4 34. Bg5 f5 35. gxf5 Rxe4 36. Qxe4 Nf8 37. f4 Qf7 38. fxe5 Bc3 39. e6 Qxf5 40. Qxf5 gxf5 41. e7 1-0

[Event "Titled Tuesday intern op 12th Mar Early"]
[Site "Chess.com INT"]
[Date "2024.03.12"]
[Round "5"]
[White "Williams, Simon Kim"]
[Black "Bachmann, Axel"]
[Result "1-0"]
[WhiteElo "2467"]
[BlackElo "2578"]
[PlyCount "91"]
[EventDate "2024.03.12"]
[EventType "swiss (blitz)"]
[EventRounds "11"]
[EventCountry "USA"]
[SourceTitle "CB12_2024"]
[SourceDate "2023.10.01"]
[SourceVersion "1"]
[SourceVersionDate "2023.10.01"]
[SourceQuality "1"]

1. d4 c5 2. d5 g6 3. Nc3 Bg7 4. e4 d6 5. Bb5+ Nd7 6. a4 a6 7. Be2 Ngf6 8. Nf3 0-0 9. 0-0 Ne8 10. Bf4 Nc7 11. Qd2 Rb8 12. Bh6 b5 13. axb5 axb5 14. Bxg7 Kxg7 15. Nd1 f6 16. Ne3 Ne5 17. Nxe5 fxe5 18. Bg4 h5 19. Bxc8 Qxc8 20. Ra7 Rf7 21. Rfa1 Ne8 22. Qa5 c4 23. c3 Nf6 24. Rc7 Qd8 25. f3 Ra8 26. Qxa8 Qxc7 27. Qa7 Qc8 28. Ra6 e6 29. Qb6 exd5 30. exd5 Ne8 31. Qc6 Qd8 32. Ra8 Qg5 33. Kf2 Qh4+ 34. Ke2 Nf6 35. Qxd6 e4 36. Qg3 exf3+ 37. gxf3 Qxg3 38. hxg3 Re7 39. Kf2 Rd7 40. Rb8 Nxd5 41. Rxb5 Nxe3 42. Kxe3 Rd3+ 43. Ke2 Rd7 44. Rb4 Rc7 45. Ke3 g5 46. Ke4 1-0

[Event "Titled Tuesday intern op 06th Feb Early"]
[Site "Chess.com INT"]
[Date "2024.02.06"]
[Round "3"]
[White "Rosen, Eric S"]
[Black "Bachmann, Axel"]
[Result "1-0"]
[WhiteElo "2361"]
[BlackElo "2578"]
[PlyCount "49"]
[EventDate "2024.02.06"]
[EventType "swiss (blitz)"]
[EventRounds "11"]
[EventCountry "USA"]
[SourceTitle "CB07_2024"]
[SourceDate "2024.02.14"]
[SourceVersion "1"]
[SourceVersionDate "2024.02.14"]
[SourceQuality "1"]

1. d4 g6 2. e4 Bg7 3. Bc4 c6 4. Nc3 d5 5. exd5 b5 6. Bb3 b4 7. Nce2 cxd5 8. Nf3 Nf6 9. 0-0 0-0 10. h3 a5 11. c3 bxc3 12. bxc3 Ba6 13. Re1 Bxe2 14. Qxe2 e6 15. Bf4 Nbd7 16. Rac1 a4 17. Bc2 Qa5 18. Bd3 Rfc8 19. Bd2 Qa7 20. Rb1 Nb6 21. Ne5 Nfd7 22. Nxf7 Kxf7 23. Qxe6+ Kf8 24. c4 Bxd4 25. Bh6+ 1-0

[Event "Chessable Masters Play In"]
[Site "Chess.com INT"]
[Date "2024.01.31"]
[Round "4"]
[White "Bachmann, Axel"]
[Black "Meier, Georg"]
[Result "0-1"]
[WhiteElo "2578"]
[BlackElo "2620"]
[PlyCount "82"]
[EventDate "2024.01.31"]
[EventType "swiss (rapid)"]
[EventRounds "9"]
[EventCountry "USA"]
[SourceTitle "CB06_2024"]
[SourceDate "2024.02.07"]
[SourceVersion "1"]
[SourceVersionDate "2024.02.07"]
[SourceQuality "1"]

1. c4 e6 2. Nf3 b6 3. g3 Bb7 4. Bg2 c5 5. 0-0 Nf6 6. b3 d6 7. Bb2 Nbd7 8. Nc3 a6 9. e3 Be7 10. Qe2 0-0 11. Rad1 b5 12. d4 bxc4 13. bxc4 cxd4 14. exd4 Re8 15. d5 e5 16. Rb1 Nc5 17. Ba3 Nfd7 18. Nd2 Rc8 19. Nde4 Ba8 20. Bh3 Rc7 21. Bxd7 Rxd7 22. Bxc5 dxc5 23. Na4 Qc7 24. Qe3 Rdd8 25. Rfc1 Bf8 26. Nexc5 h6 27. Nxa6 Qa5 28. N6c5 Rc8 29. Rb5 Qa7 30. Rcb1 Bxc5 31. Nxc5 Qxa2 32. Qb3 Qe2 33. Qc3 h5 34. Re1 Qg4 35. Ne4 Red8 36. Rc5 Rxc5 37. Nxc5 Rc8 38. f3 Qg6 39. Rxe5 f6 40. Re1 Rxc5 41. Re8+ Qxe8 0-1

[Event "Titled Tuesday intern op 16th Jan Early"]
[Site "Chess.com INT"]
[Date "2024.01.16"]
[Round "6"]
[White "Bachmann, Axel"]
[Black "Janaszak, Dawid"]
[Result "1-0"]
[WhiteElo "2578"]
[BlackElo "2308"]
[PlyCount "47"]
[EventDate "2024.01.16"]
[EventType "swiss (blitz)"]
[EventRounds "11"]
[EventCountry "USA"]
[SourceTitle "CB04_2024"]
[SourceDate "2023.10.16"]
[SourceVersion "1"]
[SourceVersionDate "2023.10.16"]
[SourceQuality "1"]

1. d4 Nf6 2. c4 g6 3. Nc3 Bg7 4. e4 d6 5. Nge2 0-0 6. Ng3 h5 7. Be2 h4 8. Nf1 c5 9. d5 e6 10. Bg5 Qb6 11. Qd2 exd5 12. cxd5 Re8 13. f3 h3 14. g4 Nbd7 15. Ne3 Ne5 16. 0-0 Bd7 17. Bxf6 Bxf6 18. f4 Nxg4 19. Bxg4 Rad8 20. Bxd7 Rxd7 21. e5 Bg7 22. Nc4 Qb4 23. Nxd6 Red8 24. Nce4 1-0

[Event "Titled Tuesday intern op 16th Jan Early"]
[Site "Chess.com INT"]
[Date "2024.01.16"]
[Round "7"]
[White "Mirzoev, Azer"]
[Black "Bachmann, Axel"]
[Result "0-1"]
[WhiteElo "2447"]
[BlackElo "2578"]
[PlyCount "170"]
[EventDate "2024.01.16"]
[EventType "swiss (blitz)"]
[EventRounds "11"]
[EventCountry "USA"]
[SourceTitle "CB04_2024"]
[SourceDate "2023.10.16"]
[SourceVersion "1"]
[SourceVersionDate "2023.10.16"]
[SourceQuality "1"]

1. d4 d5 2. Nf3 c5 3. e3 Nc6 4. c3 e6 5. Nbd2 Nf6 6. Bd3 b6 7. 0-0 Bb7 8. Qe2 Qc7 9. a3 Bd6 10. e4 cxd4 11. cxd4 dxe4 12. Nxe4 Nxe4 13. Bxe4 Ne7 14. Bg5 Bxe4 15. Qxe4 Nd5 16. Rac1 Qd7 17. Ne5 Bxe5 18. dxe5 0-0 19. Qg4 Kh8 20. h4 Rac8 21. h5 h6 22. Bd2 Rxc1 23. Rxc1 Rc8 24. Qe4 Rxc1+ 25. Bxc1 Qc6 26. Bd2 Kg8 27. g3 Kf8 28. Bb4+ Ke8 29. Bd2 Qb5 30. Bc1 Qb3 31. Qg4 Qc2 32. Bf4 Kf8 33. b4 Qe4 34. Qh4 Kg8 35. Qd8+ Kh7 36. Qd7 Nxf4 37. gxf4 Qxf4 38. Qxa7 b5 39. Qc5 Qg4+ 40. Kf1 Qd1+ 41. Kg2 Qd3 42. f3 g6 43. hxg6+ Kxg6 44. Kg3 Qe2 45. Qc7 h5 46. Qb8 Kf5 47. Qf8 Qxe5+ 48. Kg2 Kg6 49. Qg8+ Qg7 50. Qe8 Kf5+ 51. Kf2 Qd4+ 52. Kg3 Qe5+ 53. Kf2 Qh2+ 54. Ke3 Qg1+ 55. Ke2 Kf6 56. Qh8+ Ke7 57. Qxh5 Qg2+ 58. Ke3 Qg1+ 59. Ke2 Qc1 60. Qxb5 Qb2+ 61. Ke3 Qxa3+ 62. Ke2 Qb2+ 63. Ke3 Qc3+ 64. Ke2 Kf6 65. Qb6 Ke5 66. b5 Qc4+ 67. Ke3 f5 68. Qb8+ Kd5 69. b6 f4+ 70. Kf2 Qc2+ 71. Kf1 Qd1+ 72. Kg2 Qe2+ 73. Kg1 Qe1+ 74. Kg2 Qg3+ 75. Kf1 Qxf3+ 76. Kg1 Qe3+ 77. Kf1 f3 78. Qd8+ Kc6 79. Qc7+ Kb5 80. Qd7+ Ka6 81. Qa7+ Kb5 82. Qd7+ Kc4 83. Qc6+ Kb4 84. Qd6+ Ka5 85. Qa3+ Qxa3 0-1

[Event "Titled Tuesday intern op 09th Jan Early"]
[Site "Chess.com INT"]
[Date "2024.01.09"]
[Round "8"]
[White "Bachmann, Axel"]
[Black "Radjabov, Teimour"]
[Result "0-1"]
[WhiteElo "2578"]
[BlackElo "2723"]
[PlyCount "74"]
[EventDate "2024.01.09"]
[EventType "swiss (blitz)"]
[EventRounds "11"]
[EventCountry "USA"]
[SourceTitle "CB03_2024"]
[SourceDate "2024.01.17"]
[SourceVersion "1"]
[SourceVersionDate "2024.01.17"]
[SourceQuality "1"]

1. e4 c5 2. Nc3 Nc6 3. f4 e6 4. Nf3 d5 5. Bb5 Nge7 6. exd5 Nxd5 7. Bxc6+ bxc6 8. d3 Be7 9. Ne5 Qb6 10. Nc4 Qc7 11. 0-0 0-0 12. Ne4 f5 13. Ng5 Bxg5 14. fxg5 e5 15. b3 Ba6 16. Qe1 Nb4 17. Rf2 Rae8 18. a3 Nd5 19. Qa5 Qxa5 20. Nxa5 e4 21. dxe4 fxe4 22. Rxf8+ Rxf8 23. c4 Nc3 24. Be3 Ne2+ 25. Kh1 Nd4 26. Rc1 Bc8 27. h3 Re8 28. Rd1 Nc2 29. Bxc5 e3 30. Bxe3 Nxe3 31. Re1 Bd7 32. Nb7 Nf5 33. Rd1 Re7 34. Nc5 Be8 35. g4 Ng3+ 36. Kg2 Ne4 37. Rd8 Kf7 0-1

[Event "Titled Tuesday intern op 09th Jan Early"]
[Site "Chess.com INT"]
[Date "2024.01.09"]
[Round "6"]
[White "Kochiev, Ivan"]
[Black "Bachmann, Axel"]
[Result "0-1"]
[WhiteElo "2051"]
[BlackElo "2578"]
[PlyCount "42"]
[EventDate "2024.01.09"]
[EventType "swiss (blitz)"]
[EventRounds "11"]
[EventCountry "USA"]
[SourceTitle "CB03_2024"]
[SourceDate "2024.01.17"]
[SourceVersion "1"]
[SourceVersionDate "2024.01.17"]
[SourceQuality "1"]

1. e4 Nc6 2. Nf3 d6 3. d4 Nf6 4. Nc3 Bg4 5. Be3 e6 6. h3 Bh5 7. Bc4 d5 8. exd5 exd5 9. Be2 Bb4 10. 0-0 0-0 11. Ne5 Bxc3 12. bxc3 Bxe2 13. Qxe2 Re8 14. Nxc6 bxc6 15. Rab1 Qc8 16. Rb3 Ne4 17. c4 Qa6 18. Rfb1 dxc4 19. R1b2 Nd6 20. Rb4 Qa3 21. Qf3 a5 0-1

[Event "Titled Tuesday intern op 14th Nov Early"]
[Site "Chess.com INT"]
[Date "2023.11.14"]
[Round "4"]
[White "Bachmann, Axel"]
[Black "Firouzja, Alireza"]
[Result "0-1"]
[WhiteElo "2591"]
[BlackElo "2777"]
[PlyCount "84"]
[EventDate "2023.11.14"]
[EventType "swiss (blitz)"]
[EventRounds "11"]
[EventCountry "USA"]
[SourceTitle "CB47_2023"]
[SourceDate "2023.11.22"]
[SourceVersion "1"]
[SourceVersionDate "2023.11.22"]
[SourceQuality "1"]

1. Nf3 c5 2. c4 g6 3. d4 cxd4 4. Nxd4 Bg7 5. e4 Nc6 6. Be3 Nf6 7. Nc3 0-0 8. Be2 d6 9. 0-0 Bd7 10. h3 a6 11. Rc1 Rb8 12. Nf3 b5 13. cxb5 axb5 14. e5 Nxe5 15. Nxe5 dxe5 16. b4 Qe8 17. Bc5 Bh6 18. Rc2 Bf5 19. Rb2 Ne4 20. Nd5 Nxc5 21. bxc5 Bg7 22. c6 e4 23. Rxb5 Rxb5 24. Bxb5 Qd8 25. Ne3 Qb6 26. a4 Bd4 27. Nd5 Qc5 28. Nxe7+ Kg7 29. Nxf5+ gxf5 30. Qc1 Bxf2+ 31. Kh1 Qxc1 32. Rxc1 Rc8 33. Ba6 Rc7 34. Bb7 Kf6 35. a5 Ke5 36. a6 f4 37. Ra1 Ba7 38. Ra5+ Kd6 39. Ra4 e3 40. Rxf4 e2 41. Re4 Re7 42. c7 Rxe4 0-1

[Event "Titled Tuesday intern op 14th Nov Early"]
[Site "Chess.com INT"]
[Date "2023.11.14"]
[Round "2"]
[White "Ianovsky, Matias Manuel"]
[Black "Bachmann, Axel"]
[Result "0-1"]
[WhiteElo "2218"]
[BlackElo "2591"]
[PlyCount "72"]
[EventDate "2023.11.14"]
[EventType "swiss (blitz)"]
[EventRounds "11"]
[EventCountry "USA"]
[SourceTitle "CB47_2023"]
[SourceDate "2023.11.22"]
[SourceVersion "1"]
[SourceVersionDate "2023.11.22"]
[SourceQuality "1"]

1. d4 Nf6 2. Nf3 e6 3. c4 c5 4. d5 exd5 5. cxd5 d6 6. Nc3 g6 7. e4 Bg7 8. Be2 0-0 9. 0-0 Bg4 10. Nd2 Bxe2 11. Qxe2 Re8 12. Qb5 Qc7 13. Re1 a6 14. Qb3 b5 15. e5 dxe5 16. Nde4 Nbd7 17. Bg5 Nxe4 18. Nxe4 h6 19. d6 Qc6 20. Be7 c4 21. Qf3 Rac8 22. a4 f5 23. axb5 axb5 24. Nc3 e4 25. Qg3 Kh7 26. Ra7 b4 27. Ne2 c3 28. bxc3 bxc3 29. Nf4 g5 30. Ne6 c2 31. Rc1 Qd5 32. Nxg5+ hxg5 33. h4 Qd1+ 34. Kh2 Qxc1 35. hxg5 Be5 36. g6+ Kg8 0-1

[Event "Titled Tuesday intern op 14th Nov Early"]
[Site "Chess.com INT"]
[Date "2023.11.14"]
[Round "5"]
[White "Maltsevskaya, Aleksandra"]
[Black "Bachmann, Axel"]
[Result "1-0"]
[WhiteElo "2384"]
[BlackElo "2591"]
[PlyCount "81"]
[EventDate "2023.11.14"]
[EventType "swiss (blitz)"]
[EventRounds "11"]
[EventCountry "USA"]
[SourceTitle "CB47_2023"]
[SourceDate "2023.11.22"]
[SourceVersion "1"]
[SourceVersionDate "2023.11.22"]
[SourceQuality "1"]

1. e4 e5 2. Nf3 Nc6 3. Bb5 a6 4. Ba4 Nf6 5. 0-0 b5 6. Bb3 Bb7 7. c3 Nxe4 8. d4 exd4 9. Re1 d5 10. Ng5 Ne5 11. cxd4 Nc4 12. f3 Be7 13. fxe4 Bxg5 14. exd5+ Kf8 15. Bxc4 bxc4 16. Nc3 h5 17. Qa4 Bxc1 18. Raxc1 Bxd5 19. Nxd5 Qxd5 20. Rxc4 Qd6 21. Rc6 Qd7 22. Qc4 Rc8 23. Qc5+ Kg8 24. Rxa6 h4 25. Ra3 Rh6 26. Rae3 h3 27. gxh3 Rxh3 28. Rxh3 Qxh3 29. Qc6 Qg4+ 30. Kh1 Qf4 31. Re8+ Rxe8 32. Qxe8+ Kh7 33. Qe2 Qxd4 34. b3 g6 35. a4 Qc3 36. Qd1 c5 37. Kg2 f5 38. Qd7+ Kh6 39. Qd8 Qc2+ 40. Kg1 Qc1+ 41. Kg2 1-0

[Event "FIDE Grand Swiss"]
[Site "Douglas"]
[Date "2023.11.04"]
[Round "10"]
[White "Svane, Rasmus"]
[Black "Bachmann, Axel"]
[Result "0-1"]
[WhiteElo "2646"]
[BlackElo "2604"]
[PlyCount "94"]
[EventDate "2023.10.25"]
[EventType "swiss"]
[EventRounds "11"]
[EventCountry "IOM"]
[SourceTitle "Mega2024 Update 01"]
[Source "Chessbase"]
[SourceDate "2023.11.12"]
[SourceVersion "1"]
[SourceVersionDate "2023.11.12"]
[SourceQuality "1"]

1. Nf3 Nf6 2. c4 b6 3. g3 Bb7 4. Bg2 c5 5. 0-0 g6 6. d4 cxd4 7. Qxd4 d6 8. Nc3 Nbd7 9. Be3 Rc8 10. Rac1 Bg7 11. Rfd1 h6 12. b3 0-0 13. Qd2 Ng4 14. Bd4 Ngf6 15. Be3 h5 16. Ne1 Qc7 17. Bh3 Qb8 18. Nd3 Rcd8 19. Bh6 Rfe8 20. Bxg7 Kxg7 21. Nf4 h4 22. Bxd7 Rxd7 23. Ncd5 hxg3 24. hxg3 Rh8 25. f3 Ne8 26. Kg2 e5 27. Rh1 Rxh1 28. Rxh1 exf4 29. Qd4+ f6 30. Nxf4 Re7 31. Qd3 f5 32. g4 Re5 33. gxf5 Rxf5 34. Ne6+ Kf7 35. Qe3 Re5 36. Ng5+ Kg7 37. Ne4 Bxe4 38. Qh6+ Kf7 39. Qh8 Ke7 40. fxe4 Qa8 41. Qh7+ Kd8 42. Qxg6 Rxe4 43. Kf2 Rxe2+ 44. Kxe2 Qxh1 45. Qg5+ Kc8 46. Qe7 Qh5+ 47. Kd3 Nc7 0-1

[Event "FIDE Grand Swiss"]
[Site "Douglas"]
[Date "2023.11.02"]
[Round "8"]
[White "Bachmann, Axel"]
[Black "Ivanchuk, Vassily"]
[Result "1-0"]
[WhiteElo "2604"]
[BlackElo "2653"]
[PlyCount "67"]
[EventDate "2023.10.25"]
[EventType "swiss"]
[EventRounds "11"]
[EventCountry "IOM"]
[SourceTitle "Mega2024 Update 01"]
[Source "Chessbase"]
[SourceDate "2023.11.12"]
[SourceVersion "1"]
[SourceVersionDate "2023.11.12"]
[SourceQuality "1"]

1. Nf3 Nf6 2. c4 b6 3. d4 e6 4. g3 Ba6 5. b3 Bb4+ 6. Bd2 Be7 7. Bg2 c6 8. Bc3 d5 9. Nbd2 Nbd7 10. 0-0 Rc8 11. Rc1 0-0 12. Bb2 Bb7 13. Qc2 c5 14. dxc5 bxc5 15. e3 Qb6 16. Ne5 Nxe5 17. Bxe5 Rfd8 18. cxd5 exd5 19. Rfd1 Qe6 20. Bb2 h6 21. Qb1 a5 22. Bc3 Qa6 23. Qf5 a4 24. bxa4 Qxa4 25. Nc4 Qa6 26. Bxf6 g6 27. Qf3 Bxf6 28. Rb1 Qe6 29. Rxb7 dxc4 30. Rc1 Rd6 31. Qf4 Rcd8 32. Qxc4 Qxc4 33. Rxc4 Rd2 34. Rxc5 1-0

[Event "FIDE Grand Swiss"]
[Site "Douglas"]
[Date "2023.10.26"]
[Round "2"]
[White "Navara, David"]
[Black "Bachmann, Axel"]
[Result "1-0"]
[WhiteElo "2689"]
[BlackElo "2604"]
[PlyCount "99"]
[EventDate "2023.10.25"]
[EventType "swiss"]
[EventRounds "11"]
[EventCountry "IOM"]
[SourceTitle "Mega2024 Update 01"]
[Source "Chessbase"]
[SourceDate "2023.11.12"]
[SourceVersion "1"]
[SourceVersionDate "2023.11.12"]
[SourceQuality "1"]

1. d4 Nf6 2. c4 e6 3. Nf3 Bb4+ 4. Nbd2 Be7 5. e4 d5 6. e5 Nfd7 7. Bd3 c5 8. 0-0 Nc6 9. Qe2 cxd4 10. Nb3 0-0 11. cxd5 exd5 12. Bf4 Nb4 13. Bb1 d3 14. Bxd3 Nxd3 15. Qxd3 Nb8 16. Nfd4 a5 17. Qg3 Qb6 18. e6 Bxe6 19. Be5 g6 20. Bc7 Qb4 21. Rae1 Nc6 22. a3 Qa4 23. Nxe6 fxe6 24. Rxe6 Rf7 25. Bd6 Bf6 26. Qe3 Nd4 27. Nxd4 Bxd4 28. Qe2 Qd7 29. Bg3 Raf8 30. h4 Bf6 31. Re1 d4 32. Qd3 Bg7 33. Bd6 Rc8 34. Qe4 Qb5 35. Re8+ Rxe8 36. Qxe8+ Qxe8 37. Rxe8+ Bf8 38. Kf1 Rf6 39. Rxf8+ Rxf8 40. Bxf8 Kxf8 41. Ke2 Ke7 42. Kd3 Kf6 43. Kxd4 Kf5 44. a4 Kg4 45. Kc5 Kxh4 46. Kb6 h5 47. Kxa5 g5 48. Kb6 g4 49. Kxb7 g3 50. fxg3+ 1-0

[Event "Manaus op 2nd"]
[Site "Manaus"]
[Date "2023.10.15"]
[Round "7"]
[White "Matsuura, Everaldo"]
[Black "Bachmann, Axel"]
[Result "1-0"]
[WhiteElo "2409"]
[BlackElo "2604"]
[PlyCount "71"]
[EventDate "2023.10.11"]
[EventType "swiss"]
[EventRounds "9"]
[EventCountry "BRA"]
[SourceTitle "Mega2024 Update 01"]
[Source "Chessbase"]
[SourceDate "2023.11.12"]
[SourceVersion "1"]
[SourceVersionDate "2023.11.12"]
[SourceQuality "1"]

1. e4 c5 2. Nf3 e6 3. c3 Nf6 4. e5 Nd5 5. d4 cxd4 6. cxd4 d6 7. Bc4 Nb6 8. Bb3 dxe5 9. Nxe5 Nc6 10. Nf3 Be7 11. 0-0 Bf6 12. Be3 Nd5 13. Nc3 Nxe3 14. fxe3 0-0 15. Qe2 g6 16. Rad1 Bg7 17. Qf2 Na5 18. Bc2 b6 19. e4 Ba6 20. Rfe1 Rc8 21. e5 f6 22. Qg3 Bb7 23. Be4 Bxe4 24. Nxe4 fxe5 25. Nfg5 Qe7 26. Qh3 h6 27. Qxe6+ Qxe6 28. Nxe6 exd4 29. Nxf8 Rxf8 30. Rc1 b5 31. b3 Rf7 32. Nd6 Rd7 33. Rc8+ Kh7 34. Nxb5 Rd5 35. Rc7 d3 36. Ree7 1-0

[Event "Manaus op 2nd"]
[Site "Manaus"]
[Date "2023.10.14"]
[Round "6"]
[White "Bachmann, Axel"]
[Black "Cubas, Jose Fernando"]
[Result "1/2-1/2"]
[WhiteElo "2604"]
[BlackElo "2411"]
[PlyCount "25"]
[EventDate "2023.10.11"]
[EventType "swiss"]
[EventRounds "9"]
[EventCountry "BRA"]
[SourceTitle "Mega2024 Update 01"]
[Source "Chessbase"]
[SourceDate "2023.11.12"]
[SourceVersion "1"]
[SourceVersionDate "2023.11.12"]
[SourceQuality "1"]

1. d4 d5 2. c4 c6 3. Nf3 Nf6 4. Nc3 dxc4 5. a4 Bf5 6. e3 e6 7. Bxc4 Bb4 8. 0-0 Nbd7 9. Qe2 Bg6 10. e4 0-0 11. e5 Nd5 12. Nxd5 cxd5 13. Bd3 1/2-1/2

[Event "Manaus op 2nd"]
[Site "Manaus"]
[Date "2023.10.14"]
[Round "5"]
[White "De Oliveira, Victor Gabriel C"]
[Black "Bachmann, Axel"]
[Result "0-1"]
[WhiteElo "2172"]
[BlackElo "2604"]
[PlyCount "80"]
[EventDate "2023.10.11"]
[EventType "swiss"]
[EventRounds "9"]
[EventCountry "BRA"]
[SourceTitle "Mega2024 Update 01"]
[Source "Chessbase"]
[SourceDate "2023.11.12"]
[SourceVersion "1"]
[SourceVersionDate "2023.11.12"]
[SourceQuality "1"]

1. d4 Nf6 2. Nf3 e6 3. c4 Bb4+ 4. Nc3 b6 5. e3 Bxc3+ 6. bxc3 c5 7. Be2 d6 8. 0-0 0-0 9. Nd2 Nc6 10. Bf3 Bb7 11. Nb3 Qc7 12. Re1 Ba6 13. Be2 e5 14. d5 Ne7 15. f3 e4 16. Nd2 exf3 17. Nxf3 Ng6 18. Bd3 Rae8 19. Qc2 Ng4 20. Bd2 Qe7 21. Qa4 Bc8 22. Qc2 f5 23. a4 Nh4 24. Qd1 Nxf3+ 25. Qxf3 Qh4 26. Qf4 g5 27. Qg3 Qxg3 28. hxg3 Ne5 29. Bf1 Ba6 30. a5 Bxc4 31. axb6 axb6 32. e4 f4 33. gxf4 gxf4 34. Be2 Bxe2 35. Rxe2 Nc4 36. Be1 Re5 37. Bf2 Rfe8 38. Rae1 Kf7 39. Kh2 Kg6 40. Kh3 Ne3 0-1

[Event "AI Cup Play In"]
[Site "Chess.com INT"]
[Date "2023.09.18"]
[Round "2"]
[White "Bachmann, Axel"]
[Black "Xiong, Jeffery"]
[Result "0-1"]
[WhiteElo "2604"]
[BlackElo "2693"]
[PlyCount "58"]
[EventDate "2023.09.18"]
[EventType "swiss (rapid)"]
[EventRounds "9"]
[EventCountry "USA"]
[SourceTitle "EXT 2024"]
[Source "ChessBase"]
[SourceDate "2023.10.10"]
[SourceVersion "1"]
[SourceVersionDate "2023.10.10"]
[SourceQuality "1"]

1. Nf3 Nf6 2. c4 c5 3. Nc3 d5 4. cxd5 Nxd5 5. g3 Nc6 6. Bg2 Nc7 7. a3 g6 8. b4 cxb4 9. axb4 Bg7 10. Ba3 0-0 11. 0-0 a6 12. Rc1 Nb5 13. Bb2 Nd6 14. Qa4 Bd7 15. Ba1 e5 16. d3 Rc8 17. Qb3 Re8 18. Qb1 Nd4 19. e3 Rxc3 20. Bxc3 Ne2+ 21. Kh1 Nxc3 22. Rxc3 e4 23. Nd4 Bxd4 24. exd4 exd3 25. Re1 d2 26. Rxe8+ Qxe8 27. Re3 Qc8 28. Qg1 Qc2 29. Bf3 Bc6 0-1